000 00810nam a22002657a 4500
001 3022
003 FISKH
005 20250828155003.0
008 240131b cb ||||| |||| 00| 0 eng d
020 _a9780590273848
040 _aFISKH
_beng
_cFISKH
_dFISKH
050 _aPZ7.M51274
082 _a306.8
100 _aMedearis, Angela Shelf
245 _aBig mama and grandma Ghana
_cby Medearis, Angela Shelf : illustrated by Russell, Lynne
260 _aNew York :
_bScholastic ,
_c1994
300 _a24 pages :
_bcolor illustrations ;
_c24 cm .
505 _aK
520 _aMiles enjoys spending time with both of his grandmas.
521 8 _a540
_bLexile
521 8 _aK
_bRaz-Plus
600 _2grandmothers
_vfiction
700 _aRussell, Lynne
_eillustrator
942 _2ddc
_cBK
_n0
999 _c3022
_d3022